ბათუმის შოთა რუსთაველის სახელმწიფო უნივერსიტეტის ბიბლიოთეკა

ბიოეთიკა (ბიბ.ჩანაწერი № 49199)

000 -LEADER
fixed length control field 00932nam a2200253Ia 4500
001 - CONTROL NUMBER
control field 16110
003 - CONTROL NUMBER IDENTIFIER
control field GE_BSU
008 - FIXED-LENGTH DATA ELEMENTS--GENERAL INFORMATION
fixed length control field 181216s||||||||xx |||||||||||||| ||und||
020 ## - INTERNATIONAL STANDARD BOOK NUMBER
International Standard Book Number 978-9941-17-781-1
040 ## - CATALOGING SOURCE
Transcribing agency GE_BSU
080 ## - UNIVERSAL DECIMAL CLASSIFICATION NUMBER
Universal Decimal Classification number 174
100 ## - MAIN ENTRY--PERSONAL NAME
Personal name მამულაშვილი, ბელა
245 ## - TITLE STATEMENT
Title ბიოეთიკა
245 ## - TITLE STATEMENT
Remainder of title სახელმძღვ. უმაღლ. და საშ. სპეც. სასწავლებლების სტუდნტებისათვის
245 ## - TITLE STATEMENT
Statement of responsibility, etc. რედ. რამაზ ხეცურიანი.მხ.ნანა ვეკუა
250 ## - EDITION STATEMENT
Edition statement მე-14 განახლებული გამოცემა.
260 ## - PUBLICATION, DISTRIBUTION, ETC.
Place of publication, distribution, etc. თბილისი
260 ## - PUBLICATION, DISTRIBUTION, ETC.
Name of publisher, distributor, etc. უნივერსალი
260 ## - PUBLICATION, DISTRIBUTION, ETC.
Date of publication, distribution, etc. 2015
300 ## - PHYSICAL DESCRIPTION
Extent 376 გვ. ; 21 სმ
653 ## - INDEX TERM--UNCONTROLLED
Uncontrolled term ბიოეთიკა
942 ## - ADDED ENTRY ELEMENTS (KOHA)
Koha item type წიგნი
ეგზემპლარები
Withdrawn status Lost status Damaged status Not for loan Date acquired Barcode Date last seen Price effective from Koha item type
        2018-12-17 39846 2018-12-17 2018-12-17 წიგნი
        2018-12-17 39847 2018-12-17 2018-12-17 წიგნი
        2018-12-17 39848 2018-12-17 2018-12-17 წიგნი
        2018-12-17 39849 2018-12-17 2018-12-17 წიგნი
        2018-12-17 39850 2018-12-17 2018-12-17 წიგნი
        2018-12-17 39851 2018-12-17 2018-12-17 წიგნი
        2018-12-17 39852 2018-12-17 2018-12-17 წიგნი
        2018-12-17 39853 2018-12-17 2018-12-17 წიგნი